Ч. 8: Огнеупорное производство; Черная металлургия капиталистических стран

Detalles Bibliográficos
Parent link:Черная металлургия капиталистических стран/ Государственный комитет по черной и цветной металлургии при Госплане СССР ; Центральный институт информации черной металлургии. Ч. 8: Огнеупорное производство.— , 1956-1963
Autor Principal: Городецкий В. С. Вадим Сергеевич
Idioma:ruso
Publicado: 1963
Subjects:
Formato: MixedMaterials Libro
KOHA link:https://koha.lib.tpu.ru/cgi-bin/koha/opac-detail.pl?biblionumber=126748

MARC

LEADER 00000nam2a2200000 4500
001 126748
005 20231101220019.0
035 |a (RuTPU)RU\TPU\book\137111 
090 |a 126748 
100 |a 20071203d1963 k y0rusy50 ca 
101 0 |a rus 
102 |a RU 
105 |a a z 001zy 
200 0 |a Ч. 8: Огнеупорное производство  |f В. С. Городецкий 
210 |d 1963 
215 |a 204 с.  |c ил. 
320 |a Библиография в конце глав. 
461 1 |0 (RuTPU)RU\TPU\book\142210  |t Черная металлургия капиталистических стран  |f Государственный комитет по черной и цветной металлургии при Госплане СССР ; Центральный институт информации черной металлургии  |v Ч. 8: Огнеупорное производство  |d 1956-1963 
606 1 |a Черная металлургия  |x Научные исследования  |2 stltpush  |3 (RuTPU)RU\TPU\subj\18663  |9 44052 
610 1 |a черная металлургия 
610 1 |a зарубежные страны 
610 1 |a огнеупорное производство 
610 1 |a сырьевая база 
610 1 |a огнеупорные глины 
610 1 |a каолины 
610 1 |a вермикулит 
610 1 |a кремнеземистое сырье 
610 1 |a высокоглиноземистые породы 
610 1 |a магнезиты 
610 1 |a доломиты 
610 1 |a хромиты 
610 1 |a добыча 
610 1 |a обогащение 
610 1 |a обжиг 
610 1 |a измельчение 
610 1 |a транспортировка 
610 1 |a смешивание 
610 1 |a формование 
610 1 |a шамотные огнеупоры 
610 1 |a динасовые изделия 
610 1 |a бетоны 
675 |a 669.1  |v 3 
700 1 |a Городецкий  |b В. С.  |g Вадим Сергеевич 
801 1 |a RU  |b 63413507  |c 20071203  |g PSBO 
801 2 |a RU  |b 63413507  |c 20180528  |g PSBO 
942 |c BK